000
00280nam a22001337a 4500
008
211019b ||||| |||| 00| 0 eng d
041
_a
eng
080
_a
941
082
_a
941
100
_a
16
101
_a
SHH
245
_a
A History of the World
_c
Perry,M
942
_2
udc
_c
BK
999
_c
58277
_d
58277